Statistiques concernant Quiz sur la Transnistrie

Cliquez ici pour prendre le quiz!

Statistiques générales

  • Ce quiz a été pris 58 fois
  • Le résultat moyen est 12 sur 19

Statistiques - réponses

QuestionRéponse% Correct
Langue officielleMoldave ( Roumain )
98%
La Transnistrie n'est pas membre de cette organisation internationaleONU
98%
Langue officielleRusse
95%
Autre pays frontalierUkraine
95%
Pays qui revendique la TransnistrieMoldavie
90%
Langue officielleUkrainien
83%
MonnaieRouble de Transnistrie
80%
Religion principaleChrétien Orthodoxe
78%
La Transnistrie n'est situé qu'à 30 km de cette merMer noire
78%
Ancien pays dont s'inspire le drapeau transnistrienURSS
70%
Un énorme buste de cette homme peut être trouvé devant son parlementVladimir Lénine
65%
Citez un des trois autres pays non-membre de cette organisatin qui reconnaissent la TransnistrieOssétie du Sud | Abkhazie | Haut-Karabagh
63%
CapitaleTiraspol
58%
C'est le centre de l'un de ces plus gros traficsTrafic d'armes à feu
58%
Le nom entier de la Transnistrie est la République Moldave du ___Dniestr
48%
La Transnistrie a un statut spécial dans ce pays. Quelle autre région à aussi ce statut ?Gagaouzie
28%
Ville à statue spécial situé en Bessarabie contrairement au reste du paysBendery ( Tighina )
18%
Président de la Transnistrie de 1991 à 2011Igor Smirnov
15%
Noms des régions administrativesRaions
15%

Distribution des résultats

Percentile par nombre de réponses

% des personnes avec chaque résultat

Votre développement - résultats

Vous n’avez pas pris ce quiz